| 000 | 01019nam a22002897a 4500 | ||
|---|---|---|---|
| 001 | 8890 | ||
| 003 | FISKH | ||
| 005 | 20251030093039.0 | ||
| 008 | 251030b cb ||||| |||| 00| 0 eng d | ||
| 020 | _a9781403734280 | ||
| 040 |
_aFISKH _beng _cFISKH _dFISKH |
||
| 050 | _aPZ8.A4185 L | ||
| 082 | _a813 | ||
| 100 | _aAllen, Constance | ||
| 245 |
_aLet's eat! / _cby Constance Allen ; Illustrated by David Prebenna |
||
| 260 |
_aFranklin : _bDalmatian, _c2007. |
||
| 300 |
_a24 unnumbered pages : _bcolor illustrations ; _c21 cm |
||
| 490 | _aSesame Street | ||
| 505 | _aJ | ||
| 520 | _aCookie Monster is having a dinner party and needs someone to help him shop for groceries, set the table, cook dinner, make dessert, and eat, eat, eat! Perfect for any Thanksgiving promotion. | ||
| 521 | 8 |
_a430
_bLexile estimate |
|
| 521 | 8 |
_aJ
_bRaz-Plus |
|
| 650 |
_aThanksgiving _vJuvenile picture book _xCookie Monster |
||
| 700 |
_aPrebenna, David _eillustrator |
||
| 942 |
_2ddc _cBK _n0 |
||
| 999 |
_c8890 _d8890 |
||